Založenie európskej spoločnosti v členských štátoch EÚ

Význam a právne postavenie európskej spoločnosti. Spôsob zdaňovania a možnosti založenia európskej spoločnosti v členských štátoch Európskej únie a na Slovensku.

Guardado en:
Detalles Bibliográficos
Autor principal: Mečár, Miroslav
Otros Autores: Jurčíková, Božena
Formato: Capítulo de libro
Lenguaje:eslovaco
Materias:
Etiquetas: Agregar Etiqueta
Sin Etiquetas, Sea el primero en etiquetar este registro!

MARC

LEADER 00000naa$a2200000$$$4500
001 0096031
005 20231127095950.0
041 0 |a slo 
044 |a SK 
245 1 0 |a Založenie európskej spoločnosti v členských štátoch EÚ  |c Miroslav Mečár, Božena Jurčíková 
520 |a Význam a právne postavenie európskej spoločnosti. Spôsob zdaňovania a možnosti založenia európskej spoločnosti v členských štátoch Európskej únie a na Slovensku. 
610 2 0 |a harmonizácia 
610 2 0 |a zdaňovanie 
610 2 0 |a pohyb kapitálu 
610 2 0 |a založenie podniku 
610 2 0 |a Európska únia 
610 2 0 |a Slovensko 
610 2 0 |a spoločnosti akciové 
100 1 |a Mečár, Miroslav 
700 1 |a Jurčíková, Božena